000 00310nam a22001337a 4500
008 180226b xxu||||| |||| 00| 0 eng d
020 _a9781882982950
041 _aeng
080 _a37
100 _a25
101 _aEDU
245 _aASSESSING GENERAL EDUCATIONS PROGRAMS
_cMARY.J.A
942 _2udc
_cBK
999 _c43524
_d43524